| 000 | 00736cam a22002534a 4500 | ||
|---|---|---|---|
| 999 |
_c5976 _d5976 |
||
| 001 | 1945 | ||
| 003 | BD-DhUAP | ||
| 005 | 20201223113824.0 | ||
| 008 | 201223s1995 nyuab b 001 0 eng | ||
| 020 | _a0256140553 | ||
| 020 | _a0256165483 | ||
| 040 |
_aDLC _cDLC _dBD-DhUAP |
||
| 082 | 0 | 0 |
_a658.4012 THO _223 |
| 100 | 1 | _aThompson, Arthur A. | |
| 245 | 1 | 0 |
_aStrategic management : _bconcepts and cases / _cArthur A. Thompson and A. J. Strickland. |
| 250 | _a8th ed. | ||
| 260 |
_aChicago : _bIrwin, _cc1995. |
||
| 300 |
_axxiv, 1024 pages : _billustrations ; _c26 cm. |
||
| 500 | _aIncludes index. | ||
| 650 | 0 | _aStrategic planning. | |
| 650 | 0 |
_aStrategic planning _xCase studies. |
|
| 700 | 1 | _aStrickland, A. J. | |
| 942 |
_2ddc _cBK |
||